Visualizzazione normale
Vista MARC
- Aron, Robert,
di Personal Name
Records bibliografici associati: 1
001 - CONTROL NUMBER
- control field: 58081
003 - CONTROL NUMBER IDENTIFIER
- control field: IT-RoINE
005 - DATE AND TIME OF LATEST TRANSACTION
- control field: 20190319074350.0
008 - FIXED-LENGTH DATA ELEMENTS
- fixed length control field: 190319|| aca||aabn | a|a d
040 ## - CATALOGING SOURCE
- Original cataloging agency: IT-RoINE
- Transcribing agency: IT-RoINE
100 ## - HEADING--PERSONAL NAME
- Personal name: Aron, Robert,
- Titles and other words associated with a name: 1898-1975
670 ## - SOURCE DATA FOUND
- Source citation: Work cat.: (IT-RoINE)0: Aron, Robert, 1898-1975, Histoire de Vichy, 1940-1944 /, 1954.